书目信息 |
| 题名: |
瑜伽圣经
|
|
| 作者: | 王尚琦 著 | |
| 分册: | ||
| 出版信息: | 天津 天津人民美术出版社 2017 |
|
| 页数: | 182页 | |
| 开本: | 23cm | |
| 丛书名: | 图说全民健身体育运动丛书 | |
| 单 册: | ||
| 中图分类: | R214 , R793.51 | |
| 科图分类: | ||
| 主题词: | 瑜伽--yu jia--图解 | |
| 电子资源: | ||
| ISBN: | 978-7-5305-8043-1 | |
| 000 | 01053nam 2200289 450 | |
| 001 | 012001003768 | |
| 005 | 20131014112929.0 | |
| 010 | @a978-7-5305-8043-1@dCNY38.80 | |
| 099 | @aCAL 012018077395 | |
| 100 | @a20180521d2017 em y0chiy50 ea | |
| 101 | 0 | @achi |
| 102 | @aCN@b120000 | |
| 105 | @aa z 000yy | |
| 106 | @ar | |
| 200 | 1 | @a瑜伽圣经@Ayu jia sheng jing@e最全面的瑜伽体位@f王尚琦著 |
| 210 | @a天津@c天津人民美术出版社@d2017 | |
| 215 | @a182页@c彩图@d23cm | |
| 225 | 2 | @a图说全民健身体育运动丛书@Atu shuo quan min jian shen ti yu yun dong cong shu |
| 330 | @a本书内容包括:瑜伽养生,时尚的保健法;瑜伽的基本坐姿与调息法;瘦身瑜伽,打造完美身型;美容瑜伽,让你漂亮如花;调整身心瑜伽,心静如水不慌张;疗愈瑜伽,和亚健康说Bye-Bye。 | |
| 410 | 0 | @12001 @a图说全民健身体育运动丛书 |
| 517 | 1 | @a最全面的瑜伽体位@Azui quan mian de yu jia ti wei |
| 606 | 0 | @a瑜伽@Ayu jia@j图解 |
| 690 | @aR214@v5 | |
| 690 | @aR793.51@v5 | |
| 701 | 0 | @a王尚琦@Awang shang qi@4著 |
| 801 | @b江苏凤凰@c20191020 | |
| 905 | @b1233861-6@dR214@e510@f6 | |
| 瑜伽圣经:最全面的瑜伽体位/王尚琦著.-天津:天津人民美术出版社,2017 |
| 182页:彩图;23cm.-(图说全民健身体育运动丛书) |
| ISBN 978-7-5305-8043-1:CNY38.80 |
| 本书内容包括:瑜伽养生,时尚的保健法;瑜伽的基本坐姿与调息法;瘦身瑜伽,打造完美身型;美容瑜伽,让你漂亮如花;调整身心瑜伽,心静如水不慌张;疗愈瑜伽,和亚健康说Bye-Bye。 |
| ● |
| 相关链接 |
|
|
|
|
正题名:瑜伽圣经
索取号:R214/510
 
预约/预借
| 序号 | 登录号 | 条形码 | 馆藏地/架位号 | 状态 | 备注 |
| 1 | 1233861 | 212338610 | 第二样本阅览室/ [索取号:R214/510] | 在馆 | |
| 2 | 1233862 | 212338629 | 教育系资料室/ [索取号:R214/510] | 在馆 | |
| 3 | 1233863 | 212338638 | 教育系资料室/ [索取号:R214/510] | 在馆 | |
| 4 | 1233864 | 212338647 | 第三借阅区/ [索取号:R214/510] | 在馆 | |
| 5 | 1233865 | 212338656 | 教育系资料室/ [索取号:R214/510] | 在馆 | |
| 6 | 1233866 | 212338665 | 第三借阅区/ [索取号:R214/510] | 在馆 |